00632nam a2200181 a 450000100100000000500170001000800410002702000180006804000250008610000240011124500480013525000110018326000750019430000200026950000390028995201050032899900170043300003394820200930070641.0110914s2009 ag 000 0 spa d a9789507314810 aDO-SdBNPbspacBNPHU1 aGerman, Juan95940310aViolín y otras cuestiones /cJuan German. a2a ed. aBuenos Aires, Argentina :bEdiciones a Juan GemanbSeix Barral,c2009. a76 p. ;c20 cm. aEdición en homenaje a Juan Geman 001050718MOaGRbGRcCTd2011-09-14iLF1l0o p33948-10r2020-06-25w2020-06-25y1ZNo se presta c33439d33439